Empires ascendant : time frame 400 BC-AD 200 (Record no. 71621)

000 -LEADER
fixed length control field 00690nam a22001937a 4500
003 - CONTROL NUMBER IDENTIFIER
control field NUST - PNEC
005 - DATE AND TIME OF LATEST TRANSACTION
control field 20170116181205.0
008 - FIXED-LENGTH DATA ELEMENTS--GENERAL INFORMATION
fixed length control field 160309b xxu||||| |||| 00| 0 eng d
020 ## - INTERNATIONAL STANDARD BOOK NUMBER
International Standard Book Number 0705409732
040 ## - CATALOGING SOURCE
Transcribing agency LIBRARY
082 ## - DEWEY DECIMAL CLASSIFICATION NUMBER
Classification number 930 TIM
100 ## - MAIN ENTRY--PERSONAL NAME
9 (RLIN) 16745
Personal name Time-Life Books
245 ## - TITLE STATEMENT
Title Empires ascendant : time frame 400 BC-AD 200
Statement of responsibility, etc. Time-Life Books
260 ## - PUBLICATION, DISTRIBUTION, ETC.
Place of publication, distribution, etc. U.S.A
Name of publisher, distributor, etc. Time-Life Books
Date of publication, distribution, etc. c.1988
300 ## - PHYSICAL DESCRIPTION
Extent 176 p. :
650 ## - SUBJECT ADDED ENTRY--TOPICAL TERM
9 (RLIN) 16746
Topical term or geographic name entry element History, Ancient
General subdivision General
856 ## - ELECTRONIC LOCATION AND ACCESS
Uniform Resource Identifier <a href="http://www.amazon.com/Empires-Ascendant-Time-Frame-400/dp/B0011D1C48/ref=sr_1_2?s=books&ie=UTF8&qid=1457511709&sr=1-2&keywords=Empires+ascendant+%3A+time+frame+400+BC-AD+200">http://www.amazon.com/Empires-Ascendant-Time-Frame-400/dp/B0011D1C48/ref=sr_1_2?s=books&ie=UTF8&qid=1457511709&sr=1-2&keywords=Empires+ascendant+%3A+time+frame+400+BC-AD+200</a>
942 ## - ADDED ENTRY ELEMENTS (KOHA)
Source of classification or shelving scheme
Koha item type Book
Holdings
Withdrawn status Lost status Source of classification or shelving scheme Damaged status Not for loan Permanent Location Current Location Shelving location Date acquired Source of acquisition Cost, normal purchase price Total Checkouts Full call number Barcode Date last seen Cost, replacement price Price effective from Koha item type
          Pakistan Navy Engineering College (PNEC) Pakistan Navy Engineering College (PNEC)     Donated 0.00   930 TIM PNECLIB-032755 03/09/2016 0.00   Book
© 2023 Central Library, National University of Sciences and Technology. All Rights Reserved.